[Event "Pan American-ch Seniors 50"]
[Site "Florianopolis"]
[Date "2022.06.25"]
[Round "8"]
[White "Da Silva, Joao Carlos Orguim"]
[Black "Frey Perez, Hugo"]
[Result "0-1"]
[WhiteElo "1774"]
[BlackElo "2356"]
[PlyCount "152"]
[EventDate "2022.06.21"]
[EventType "swiss"]
[EventRounds "9"]
[EventCountry "BRA"]
[SourceTitle "CBM 209 Extra"]
[Source "ChessBase"]
[SourceDate "2022.09.30"]
[SourceVersion "1"]
[SourceVersionDate "2022.09.30"]
[SourceQuality "1"]

1. f4 g6 2. Nf3 Bg7 3. d4 f5 4. c4 Nf6 5. Nc3 0-0 6. g3 b6 7. Bg2 Bb7 8. 0-0 e6 9. b3 c5 10. e3 Ne4 11. Ne2 d5 12. Bb2 Nd7 13. Rc1 Rc8 14. Rc2 Qe7 15. Qa1 h6 16. Ne5 Nxe5 17. dxe5 dxc4 18. bxc4 Rfd8 19. Nc3 Nd2 20. Bxb7 Qxb7 21. Rf2 Nxc4 22. Qe1 b5 23. Qe2 a6 24. a4 Nxb2 25. Rxb2 b4 26. Qc4 Qc6 27. Ne2 Kf7 28. Rf1 Qxa4 29. Nc3 Qc6 30. Na2 Qb5 31. Rc1 Rd1+ 32. Kf2 Rxc1 33. Qxc1 Bf8 34. Nxb4 c4 35. Nc2 Qd5 36. Rb6 Bc5 37. Rxa6 Rd8 38. Na3 Qd2+ 39. Qxd2 Rxd2+ 40. Kf3 Ra2 41. Rc6 Bxa3 42. Rxc4 Rxh2 43. e4 Rb2 44. exf5 Rb3+ 45. Kg2 gxf5 46. Rc7+ Be7 47. Ra7 Rb4 48. Kh3 h5 49. Rc7 Rb1 50. Kg2 Rb2+ 51. Kf3 Rb8 52. Kg2 Rg8 53. Kf3 Rg4 54. Rb7 h4 55. gxh4 Rxh4 56. Kg3 Rh1 57. Kg2 Rc1 58. Kf3 Rc3+ 59. Ke2 Ke8 60. Rb6 Kd7 61. Rb7+ Rc7 62. Rb2 Bc5 63. Rb8 Kc6 64. Re8 Kd5 65. Kd3 Ra7 66. Rd8+ Kc6 67. Re8 Be7 68. Ke3 Rd7 69. Ra8 Bc5+ 70. Kf3 Kd5 71. Ra4 Rb7 72. Kg3 Rb3+ 73. Kh4 Rb4 74. Ra5 Rxf4+ 75. Kg5 Re4 76. Kf6 f4 0-1

[Event "Pan American-ch Seniors 50"]
[Site "Florianopolis"]
[Date "2022.06.25"]
[Round "7"]
[White "Gauche, Charles"]
[Black "Frey Perez, Hugo"]
[Result "1-0"]
[WhiteElo "2147"]
[BlackElo "2356"]
[PlyCount "63"]
[EventDate "2022.06.21"]
[EventType "swiss"]
[EventRounds "9"]
[EventCountry "BRA"]
[SourceTitle "CBM 209 Extra"]
[Source "ChessBase"]
[SourceDate "2022.09.30"]
[SourceVersion "1"]
[SourceVersionDate "2022.09.30"]
[SourceQuality "1"]

1. e4 c5 2. Nf3 g6 3. g3 Bg7 4. Bg2 Nc6 5. 0-0 d6 6. d3 e6 7. c3 Nge7 8. Be3 0-0 9. Nbd2 b6 10. d4 Bb7 11. h4 Qd7 12. Re1 cxd4 13. cxd4 Rfc8 14. a3 Na5 15. Bh3 d5 16. e5 Ba6 17. Bg5 Bd3 18. Nh2 h6 19. Bf6 Bxf6 20. exf6 Nf5 21. b4 Bc2 22. Qg4 Nc6 23. Ndf3 Kh7 24. b5 Na5 25. Ne5 Qe8 26. Qf4 Nb3 27. Ra2 Rc3 28. Nhf3 Be4 29. Bxf5 gxf5 30. Ng5+ hxg5 31. hxg5 Qh8 32. f3 1-0

[Event "Pan American-ch Seniors 50"]
[Site "Florianopolis"]
[Date "2022.06.22"]
[Round "3"]
[White "Frey Perez, Hugo"]
[Black "De Oliveira, Edson Luciani"]
[Result "1-0"]
[WhiteElo "2356"]
[BlackElo "2058"]
[PlyCount "115"]
[EventDate "2022.06.21"]
[EventType "swiss"]
[EventRounds "9"]
[EventCountry "BRA"]
[SourceTitle "CBM 209 Extra"]
[Source "ChessBase"]
[SourceDate "2022.09.30"]
[SourceVersion "1"]
[SourceVersionDate "2022.09.30"]
[SourceQuality "1"]

1. c4 e6 2. Nf3 Nf6 3. g3 d5 4. Bg2 Be7 5. 0-0 0-0 6. b3 Nbd7 7. Bb2 c6 8. d3 a5 9. a3 b6 10. Nbd2 Bb7 11. Qc2 Rc8 12. e4 c5 13. Rfe1 d4 14. e5 Ne8 15. Qd1 Nc7 16. Ne4 Bxe4 17. Rxe4 Rb8 18. a4 Na6 19. h4 Nb4 20. h5 Nc6 21. Qe2 Qc7 22. Re1 Rbe8 23. Bc1 Nd8 24. Bh3 Kh8 25. h6 g6 26. Bf4 Nc6 27. Qd2 Qd8 28. R4e2 Nb4 29. Rd1 Nc6 30. Bg4 Qc7 31. Rde1 Nb4 32. Bg5 Qd8 33. Bxe7 Qxe7 34. Nh2 Rc8 35. Nf3 Nc6 36. Bh3 Nb4 37. Kh2 Rg8 38. Rg1 g5 39. Bg4 Rg6 40. Kg2 Rcg8 41. Rh1 Nc6 42. Ree1 Qd8 43. Qe2 Qa8 44. Qe4 Nb4 45. Qxa8 Rxa8 46. Rd1 Nc6 47. Bh5 Rxh6 48. Nxg5 Kg7 49. f4 Ne7 50. Bxf7 Rxh1 51. Rxh1 h6 52. Bxe6 Nf8 53. f5 Nxf5 54. Bxf5 hxg5 55. Kf3 Re8 56. Ke4 Ne6 57. Bxe6 Rxe6 58. Rf1 1-0

[Event "Internet Section 10B g/8'+2\""]
[Site "Dos Hermanas"]
[Date "2004.03.11"]
[Round "3"]
[White "Belezky, Alexander"]
[Black "Frey Perez, Hugo"]
[Result "1-0"]
[WhiteElo "2408"]
[BlackElo "2346"]
[PlyCount "87"]
[EventDate "2004.03.10"]
[EventType "swiss (blitz)"]
[EventRounds "9"]
[EventCountry "ESP"]
[SourceTitle "EXT 2005"]
[Source "ChessBase"]
[SourceDate "2004.11.15"]
[SourceVersion "1"]
[SourceVersionDate "2004.11.15"]
[SourceQuality "1"]

1. Nf3 d5 2. g3 c6 3. Bg2 Nf6 4. 0-0 Bg4 5. Ne5 Bf5 6. d4 Nbd7 7. Nd2 e6 8. Ndf3 h6 9. b3 Be7 10. Bb2 0-0 11. c4 a5 12. cxd5 exd5 13. a3 Bd6 14. Nxd7 Qxd7 15. Ne5 Qe7 16. e3 Nd7 17. Nxd7 Bxd7 18. Qd3 Rfe8 19. Ra2 g6 20. Rfa1 Bf5 21. Qd2 h5 22. Bc3 Bc7 23. b4 axb4 24. axb4 Rab8 25. b5 h4 26. Bb4 Qe6 27. bxc6 bxc6 28. Ra7 Rec8 29. Bc5 Kg7 30. Qe2 h3 31. Bf1 Rb5 32. f3 g5 33. Qd2 g4 34. Bxb5 cxb5 35. R1a6 Qe8 36. e4 Bg6 37. e5 Bb8 38. Re7 Qd8 39. Qf4 Rxc5 40. Qf6+ Kg8 41. dxc5 d4 42. Rxf7 Qxf6 43. Rfxf6 Bf7 44. Ra8 1-0

[Event "Internet Section 09B g/8'+2\""]
[Site "Dos Hermanas"]
[Date "2004.03.10"]
[Round "9"]
[White "Frey Perez, Hugo"]
[Black "Boudreaux, Floyd"]
[Result "1-0"]
[WhiteElo "2346"]
[BlackElo "2175"]
[PlyCount "43"]
[EventDate "2004.03.09"]
[EventType "swiss (blitz)"]
[EventRounds "9"]
[EventCountry "ESP"]
[SourceTitle "CBM 099 Extra"]
[Source "ChessBase"]
[SourceDate "2004.05.04"]
[SourceVersion "1"]
[SourceVersionDate "2004.05.04"]
[SourceQuality "1"]

1. e4 c5 2. Nf3 Nc6 3. Bb5 Nf6 4. Nc3 Nd4 5. Bc4 d6 6. h3 a6 7. a4 e6 8. 0-0 Be7 9. d3 0-0 10. Nxd4 cxd4 11. Ne2 e5 12. f4 Be6 13. b3 Bxc4 14. bxc4 Nd7 15. Qe1 Nc5 16. Qg3 Bh4 17. Qg4 Qe7 18. f5 Kh8 19. a5 g6 20. g3 Bf6 21. Qf3 Bg5 22. f6 1-0

[Event "Internet Section 11A g/8'+2\""]
[Site "Dos Hermanas"]
[Date "2004.03.10"]
[Round "5"]
[White "Leon Hoyos, Manuel"]
[Black "Frey Perez, Hugo"]
[Result "1-0"]
[WhiteElo "2303"]
[BlackElo "2346"]
[PlyCount "141"]
[EventDate "2004.03.11"]
[EventType "swiss (blitz)"]
[EventRounds "9"]
[EventCountry "ESP"]
[SourceTitle "EXT 2005"]
[Source "ChessBase"]
[SourceDate "2004.11.15"]
[SourceVersion "1"]
[SourceVersionDate "2004.11.15"]
[SourceQuality "1"]

1. e4 e5 2. Nf3 Nc6 3. Bb5 f5 4. Nc3 fxe4 5. Nxe4 d5 6. Nxe5 dxe4 7. Nxc6 Qg5 8. Qe2 Nf6 9. Nxa7+ Bd7 10. Bxd7+ Nxd7 11. f4 Qc5 12. Nb5 Qxc2 13. Nc3 0-0-0 14. Qxe4 Qxe4+ 15. Nxe4 Re8 16. d3 Nc5 17. Ke2 Nxe4 18. dxe4 Rxe4+ 19. Kf3 Rc4 20. Be3 Rc2 21. Rab1 Bd6 22. Rhc1 Rxc1 23. Rxc1 Rf8 24. g3 b6 25. Bxb6 Kd7 26. Be3 g6 27. b3 Ra8 28. Rc2 h5 29. Rd2 Ra5 30. Bd4 Ke6 31. Bc3 Rb5 32. Re2+ Kd7 33. Be5 Rd5 34. Bxd6 Rxd6 35. Ke4 Ke6 36. h3 Rd1 37. Rc2 Kd6 38. Rc3 Rh1 39. g4 hxg4 40. hxg4 Rf1 41. f5 gxf5+ 42. gxf5 Re1+ 43. Re3 Rf1 44. a4 Ra1 45. Rd3+ Ke7 46. Rc3 Kd6 47. Rf3 Re1+ 48. Kf4 Rg1 49. Rd3+ Ke7 50. Re3+ Kd6 51. Re6+ Kd7 52. Rg6 Rf1+ 53. Ke5 Rf3 54. Rg7+ Kd8 55. f6 c5 56. Ra7 Ke8 57. f7+ Kf8 58. Kd6 Rxb3 59. Kxc5 Rb1 60. a5 Rb2 61. a6 Rb1 62. Rb7 Rc1+ 63. Kb6 Rb1+ 64. Ka7 Ra1 65. Rc7 Rb1 66. Rb7 Ra1 67. Rb6 Kxf7 68. Kb7 Re1 69. a7 Re7+ 70. Ka6 Rd7 71. a8Q 1-0

[Event "Internet Section 09B g/8'+2\""]
[Site "Dos Hermanas"]
[Date "2004.03.09"]
[Round "4"]
[White "Alonso, Salvador"]
[Black "Frey Perez, Hugo"]
[Result "1-0"]
[WhiteElo "2484"]
[BlackElo "2346"]
[PlyCount "75"]
[EventDate "2004.03.09"]
[EventType "swiss (blitz)"]
[EventRounds "9"]
[EventCountry "ESP"]
[SourceTitle "CBM 099 Extra"]
[Source "ChessBase"]
[SourceDate "2004.05.04"]
[SourceVersion "1"]
[SourceVersionDate "2004.05.04"]
[SourceQuality "1"]

1. Nf3 d5 2. d4 c6 3. c4 Nf6 4. Nc3 dxc4 5. a4 Bg4 6. Ne5 Bh5 7. h3 Na6 8. g4 Bg6 9. Bg2 Nb4 10. 0-0 Bc2 11. Qd2 Bb3 12. e3 e6 13. Qe2 Be7 14. Nxc4 a5 15. Bd2 Bc2 16. Ne5 Nd7 17. Rfc1 Nxe5 18. dxe5 Bd3 19. Qd1 0-0 20. Ne4 Bxe4 21. Bxe4 Nd3 22. Bxd3 Qxd3 23. Bc3 Qe4 24. Qd7 Bc5 25. Bd4 Rfd8 26. Qxb7 Rab8 27. Qc7 Rbc8 28. Qxa5 Bxd4 29. exd4 Rxd4 30. Re1 Qf4 31. Qa6 Rcd8 32. Qxc6 Rd2 33. Qg2 Rxb2 34. a5 h5 35. a6 Rdd2 36. a7 Rxf2 37. a8Q+ Kh7 38. Qge4+ 1-0

[Event "Internet Section 09B g/8'+2\""]
[Site "Dos Hermanas"]
[Date "2004.03.09"]
[Round "5"]
[White "Frey Perez, Hugo"]
[Black "Albarran, Gustavo Eduardo"]
[Result "1-0"]
[WhiteElo "2346"]
[BlackElo "2226"]
[PlyCount "45"]
[EventDate "2004.03.09"]
[EventType "swiss (blitz)"]
[EventRounds "9"]
[EventCountry "ESP"]
[SourceTitle "CBM 099 Extra"]
[Source "ChessBase"]
[SourceDate "2004.05.04"]
[SourceVersion "1"]
[SourceVersionDate "2004.05.04"]
[SourceQuality "1"]

1. e4 e6 2. d4 d5 3. e5 c5 4. c3 Qb6 5. Nf3 Nc6 6. a3 Nh6 7. b4 cxd4 8. cxd4 Nf5 9. Bb2 a5 10. b5 Na7 11. Bd3 Bd7 12. Qb3 Bxb5 13. Nc3 Bb4 14. Bxb5+ Nxb5 15. axb4 Nbxd4 16. Nxd4 Nxd4 17. Qa4+ Ke7 18. Ba3 Nc2+ 19. Qxc2 axb4 20. Qb3 Rxa3 21. Rxa3 Qd4 22. Ne2 Qxe5 23. Qxb4+ 1-0

[Event "Internet Section 09B g/8'+2\""]
[Site "Dos Hermanas"]
[Date "2004.03.09"]
[Round "1"]
[White "Frey Perez, Hugo"]
[Black "Gonzalez, Humberto"]
[Result "1-0"]
[WhiteElo "2346"]
[BlackElo "2042"]
[PlyCount "99"]
[EventDate "2004.03.09"]
[EventType "swiss (blitz)"]
[EventRounds "9"]
[EventCountry "ESP"]
[SourceTitle "CBM 099 Extra"]
[Source "ChessBase"]
[SourceDate "2004.05.04"]
[SourceVersion "1"]
[SourceVersionDate "2004.05.04"]
[SourceQuality "1"]

1. e4 c6 2. d4 d5 3. e5 c5 4. c4 Nc6 5. dxc5 Qa5+ 6. Qd2 Qxc5 7. Qxd5 Qxd5 8. cxd5 Nxe5 9. Nc3 Nf6 10. Bb5+ Bd7 11. Nge2 a6 12. Bxd7+ Nexd7 13. 0-0 Nb6 14. Rd1 Rd8 15. Nf4 h6 16. Be3 Nc4 17. Bd4 e6 18. Bxf6 gxf6 19. dxe6 Bd6 20. exf7+ Kxf7 21. Nd3 Rd7 22. b3 Nb6 23. Rab1 Rhd8 24. Nb2 Be5 25. Nca4 Nxa4 26. Rxd7+ Rxd7 27. Nxa4 Rd2 28. Kf1 Bd4 29. Ke1 Rxa2 30. Rd1 Bxf2+ 31. Kf1 Ba7 32. Rd7+ Kg6 33. Rxb7 Bd4 34. Rd7 Be5 35. h3 Ra3 36. Rd3 a5 37. Kf2 Ra2+ 38. Kf3 Rc2 39. g3 Rc6 40. Rd5 Ra6 41. g4 Ra7 42. Ke4 Rb7 43. Rd3 Rb4+ 44. Kf3 Rd4 45. Re3 Rf4+ 46. Ke2 Rb4 47. Rd3 f5 48. gxf5+ Kxf5 49. Nc5 Kf6 50. Rf3+ 1-0

[Event "Internet Section 08B g/8'+2\""]
[Site "Dos Hermanas"]
[Date "2004.03.09"]
[Round "8"]
[White "Wang, Rui"]
[Black "Frey Perez, Hugo"]
[Result "1-0"]
[WhiteElo "2481"]
[BlackElo "2346"]
[PlyCount "125"]
[EventDate "2004.03.08"]
[EventType "swiss (blitz)"]
[EventRounds "9"]
[EventCountry "ESP"]
[SourceTitle "CBM 099 Extra"]
[Source "ChessBase"]
[SourceDate "2004.05.04"]
[SourceVersion "1"]
[SourceVersionDate "2004.05.04"]
[SourceQuality "1"]

1. d4 d5 2. Nf3 c6 3. c4 Nf6 4. Nc3 dxc4 5. a4 Bg4 6. Ne5 Bh5 7. g3 e6 8. Bg2 Bb4 9. 0-0 Nd5 10. Bd2 0-0 11. Nxc4 Nb6 12. Nxb6 axb6 13. Qb3 Na6 14. Be3 Qe7 15. Rfe1 f6 16. Qc4 Bf7 17. Qd3 Rfd8 18. Qc2 Bd6 19. Ne4 Nb4 20. Qc1 Bc7 21. Rd1 Bg6 22. Qc4 Bf7 23. Qc1 e5 24. dxe5 Rxd1+ 25. Qxd1 Bxe5 26. Bxb6 Na6 27. Qc2 Qb4 28. a5 Bb3 29. Qd3 Bd5 30. Rb1 Re8 31. b3 Qe7 32. b4 Nxb4 33. Qa3 Na6 34. Qxe7 Rxe7 35. Bf3 Bxe4 36. Bxe4 Bxg3 37. Bd3 Bd6 38. Bc4+ Kf8 39. Rd1 Bc7 40. Be3 Bxa5 41. Bxa6 bxa6 42. Bc5 Kf7 43. Bxe7 Kxe7 44. Ra1 Bc7 45. Rxa6 Kd7 46. h3 c5 47. e3 f5 48. f4 g6 49. Kf2 Bd6 50. Ra7+ Bc7 51. Ra6 Bd6 52. Ke2 Ke6 53. Kd3 h6 54. h4 Kd5 55. Rb6 Ke6 56. Kc4 g5 57. hxg5 hxg5 58. fxg5 Ke5 59. g6 Bf8 60. Rb8 Bg7 61. Rb6 Bh6 62. Rc6 Bxe3 63. g7 1-0

[Event "Internet Section 07B g/8'+2\""]
[Site "Dos Hermanas"]
[Date "2004.03.07"]
[Round "7"]
[White "Flores, Diego"]
[Black "Frey Perez, Hugo"]
[Result "1-0"]
[WhiteElo "2440"]
[BlackElo "2346"]
[PlyCount "79"]
[EventDate "2004.03.07"]
[EventType "swiss (blitz)"]
[EventRounds "9"]
[EventCountry "ESP"]
[SourceTitle "CBM 099 Extra"]
[Source "ChessBase"]
[SourceDate "2004.05.04"]
[SourceVersion "1"]
[SourceVersionDate "2004.05.04"]
[SourceQuality "1"]

1. e4 c5 2. Nf3 Nc6 3. c3 Nf6 4. e5 Nd5 5. d4 cxd4 6. Bc4 e6 7. cxd4 d6 8. 0-0 Be7 9. Qe2 0-0 10. a3 f5 11. exd6 Qxd6 12. Nc3 Bf6 13. Qd3 a6 14. Re1 Bd7 15. Bg5 Bxg5 16. Nxg5 Nce7 17. Qg3 Qc6 18. Bxd5 Nxd5 19. Rac1 Rac8 20. Qe5 Rfe8 21. h4 Qc7 22. Nxd5 Qxe5 23. dxe5 Rxc1 24. Rxc1 exd5 25. Rc7 Bc6 26. f4 d4 27. Kf2 h6 28. Nf7 d3 29. g3 Be4 30. Ke3 b5 31. g4 Rb8 32. Nd6 d2 33. Kxd2 b4 34. a4 b3 35. gxf5 Bc2 36. e6 Re8 37. Nxe8 Bxf5 38. Nxg7 Kf8 39. Nxf5 h5 40. Rc8# 1-0

[Event "Internet Section 07A g/8'+2\""]
[Site "Dos Hermanas"]
[Date "2004.03.07"]
[Round "6"]
[White "Frey Perez, Hugo"]
[Black "Obsivac, Josef"]
[Result "1-0"]
[WhiteElo "2346"]
[BlackElo "2361"]
[PlyCount "85"]
[EventDate "2004.03.07"]
[EventType "swiss (blitz)"]
[EventRounds "9"]
[EventCountry "ESP"]
[SourceTitle "CBM 099 Extra"]
[Source "ChessBase"]
[SourceDate "2004.05.04"]
[SourceVersion "1"]
[SourceVersionDate "2004.05.04"]
[SourceQuality "1"]

1. e4 c5 2. Nf3 Nc6 3. Bb5 e6 4. Bxc6 bxc6 5. 0-0 d5 6. d3 Ne7 7. Qe2 Ng6 8. Nc3 Be7 9. Bd2 0-0 10. Rae1 Qc7 11. e5 f6 12. h3 Bd7 13. b3 Rae8 14. Na4 Bc8 15. Bc3 Ba6 16. Nb2 d4 17. Bd2 fxe5 18. Nxe5 Nf4 19. Qg4 g5 20. Bxf4 Rxf4 21. Qxe6+ Kg7 22. Qxc6 Qc8 23. Nbc4 Bf6 24. Qxc8 Bxc8 25. g3 Rf5 26. Nd6 Rexe5 27. Nxc8 c4 28. dxc4 Ra5 29. a4 Rf3 30. Kg2 Rc3 31. Nd6 Rxc2 32. Re6 Bd8 33. Nb7 Bb6 34. Nxa5 Bxa5 35. Re7+ Kg6 36. Rxa7 Bd2 37. Rd7 Bc3 38. c5 Bb4 39. Rxd4 Bxc5 40. Rc4 Rxc4 41. bxc4 Kf5 42. Rd1 Ke6 43. a5 1-0

[Event "Internet Section 07A g/8'+2\""]
[Site "Dos Hermanas"]
[Date "2004.03.07"]
[Round "2"]
[White "Frey Perez, Hugo"]
[Black "Schebler, Gerhard"]
[Result "0-1"]
[WhiteElo "2346"]
[BlackElo "2478"]
[PlyCount "62"]
[EventDate "2004.03.07"]
[EventType "swiss (blitz)"]
[EventRounds "9"]
[EventCountry "ESP"]
[SourceTitle "CBM 099 Extra"]
[Source "ChessBase"]
[SourceDate "2004.05.04"]
[SourceVersion "1"]
[SourceVersionDate "2004.05.04"]
[SourceQuality "1"]

1. e4 c6 2. d4 d5 3. e5 Bf5 4. Nf3 e6 5. Be2 Ne7 6. 0-0 Nd7 7. b3 Ng6 8. c4 Be7 9. Ba3 0-0 10. Qd2 Bxb1 11. Bxe7 Qxe7 12. Raxb1 Rfd8 13. c5 f6 14. exf6 gxf6 15. Bd3 e5 16. Bf5 e4 17. Ne1 Nh4 18. Bxd7 Rxd7 19. Qf4 f5 20. g3 Ng6 21. Qxf5 Rf8 22. Qg4 Qg7 23. Nc2 Rdf7 24. Ne3 Qxd4 25. h4 Kh8 26. b4 Ne5 27. Qe6 Nd3 28. Rbd1 Rxf2 29. Rxd3 Rxf1+ 30. Kh2 R1f2+ 31. Kh3 exd3 0-1

[Event "Internet Section 07A g/8'+2\""]
[Site "Dos Hermanas"]
[Date "2004.03.07"]
[Round "5"]
[White "Sretenskij, Nikolai V"]
[Black "Frey Perez, Hugo"]
[Result "1-0"]
[WhiteElo "2407"]
[BlackElo "2346"]
[PlyCount "139"]
[EventDate "2004.03.07"]
[EventType "swiss (blitz)"]
[EventRounds "9"]
[EventCountry "ESP"]
[SourceTitle "CBM 099 Extra"]
[Source "ChessBase"]
[SourceDate "2004.05.04"]
[SourceVersion "1"]
[SourceVersionDate "2004.05.04"]
[SourceQuality "1"]

1. d4 d5 2. c4 c6 3. Nf3 Nf6 4. Nc3 dxc4 5. a4 Bg4 6. Ne5 Bh5 7. h3 Na6 8. g4 Bg6 9. Bg2 Nb4 10. 0-0 Bc2 11. Qd2 Bb3 12. Ne4 e6 13. Ng5 Nc2 14. Ngxf7 Bb4 15. Nxd8 Bxd2 16. Nxe6 Ba5 17. Be3 Nxa1 18. Rxa1 Rg8 19. Nc5 0-0-0 20. Rc1 h6 21. Nxc4 Bxc4 22. Rxc4 Nd5 23. Bc1 Nb6 24. Rc2 Rxd4 25. Be3 Rd1+ 26. Kh2 Nd5 27. Bxd5 Rxd5 28. Kg3 Bb4 29. Nd3 Bd6+ 30. f4 Re8 31. Kf3 Bc7 32. b4 Bb6 33. Bxb6 axb6 34. Rc3 Rd4 35. Rb3 Kc7 36. e4 Rexe4 37. h4 Rc4 38. h5 Red4 39. Ke3 Rd5 40. Ne5 Rc1 41. Ke4 Rf1 42. Rc3 Rd6 43. Nf3 Re6+ 44. Kf5 Rf6+ 45. Ke4 Rf2 46. Re3 Rb2 47. b5 Rb4+ 48. Nd4 Rxa4 49. Ke5 c5 50. Ne6+ Kd7 51. Nxg7 Rf7 52. Nf5 Ke8 53. Nd6+ Kf8 54. Nxf7 Kxf7 55. Kf5 Rb4 56. Re6 Rxb5 57. Rf6+ Kg7 58. Rg6+ Kf7 59. Rf6+ Kg7 60. Rd6 c4+ 61. Ke6 c3 62. Rd7+ Kg8 63. Kf6 c2 64. Rd8+ Kh7 65. Rd7+ Kg8 66. Rd8+ Kh7 67. Rd7+ Kg8 68. Rd8+ Kh7 69. Rd7+ Kh8 70. Kg6 1-0

[Event "Internet Section 06A g/8'+2\""]
[Site "Dos Hermanas"]
[Date "2004.03.06"]
[Round "3"]
[White "Frey Perez, Hugo"]
[Black "Paliusis, Rimantas"]
[Result "0-1"]
[WhiteElo "2346"]
[BlackElo "1705"]
[PlyCount "72"]
[EventDate "2004.03.06"]
[EventType "swiss (blitz)"]
[EventRounds "9"]
[EventCountry "ESP"]
[SourceTitle "CBM 099 Extra"]
[Source "ChessBase"]
[SourceDate "2004.05.04"]
[SourceVersion "1"]
[SourceVersionDate "2004.05.04"]
[SourceQuality "1"]

1. e4 a6 2. d4 b5 3. Bd3 e6 4. Nf3 Nf6 5. Qe2 Nc6 6. e5 Nd5 7. c3 Bb7 8. 0-0 d6 9. Bg5 Be7 10. Bxe7 Ncxe7 11. Qe4 Nb4 12. Bxb5+ axb5 13. Qxb7 Nc2 14. Qxb5+ c6 15. Qd3 Nxa1 16. Na3 Qb8 17. Qb1 dxe5 18. Nxe5 c5 19. Qxa1 cxd4 20. cxd4 Qb7 21. Nac4 0-0 22. a4 Qb3 23. a5 f6 24. Nd2 Qb5 25. Nec4 Nc6 26. Qa2 Nxd4 27. Rb1 Ra6 28. b4 Ne2+ 29. Kh1 Nc3 30. Na3 Qe2 31. Qc4 Qxd2 32. Rf1 Rd6 33. b5 Qb2 34. Qc5 Qe2 35. Rg1 Ne4 36. h3 Nxc5 0-1